000 00214 a2200085 4500
020 _a978-1119467472
100 _aMichael Lewrick, Patrick Link, Larry Leifer
245 _aDesign Thinking Playbk
260 _bWiley
_c2018
999 _c13185
_d13185